01687nam a2200325 4500003000900000005001700009008004100026020001800067035002000085082001900105245011000124264002800234300004300262490007300305505077400378526001001152526001001162526001001172526001001182526000801192526000801200526000801208526000801216526000801224526000801232526000801240650006101248650002601309650002601335PE-LiUPU20250731173118.0210816n 000 0 eng u a9789004236738 a(Sirsi) a2528771 a262.140902bC202aA companion to priesthood and Holy Orders in the Middle Ages /c/edited by Greg Peters, C. Colt Anderson. aBoston :bBrill,c2015. a[XI] 387 páginas,c24 centímetros.0 a(Brill's companions to the Christian tradition,xISSN1871-6377;n62)0 aApostolic Successors: Priests and Priesthood, Bishops, and Episcopacy in Medieval Wesstern Europe. -Ordinatio and the Priesthood in the Early Middle Ages and Its Visual Depiction. -Priesthook in the Byzantine Empire. -Married Clergy in Easstern an Western Chritianity. -The imago Chrsti in the Bishop, Priest, and Clergy. -Priest and the Eucharuist in the Middle Ages. -The Priesthood and the Sacrament of Marriage. -Teaching Confession in Thirteenth-Century England: Priests an Laity. -Reforming Priests and the Diverse Rhetorics of Ordination and Office form 1123-1418. -The Radical Renewal of Pastoral Care int the Italian Communes, 1150-1250: Prelates, Secular Clergy, and the Mendicant Orders. -From Function to Ontology: The Shifting Diaconate of the Middle Ages. aSEG42 aSEG41 aSEG40 aSEG39 aP94 aP87 aP86 aP85 aP77 aP76 aP3514aMonaquismo y órdenes religiosasxHistoriayEdad Media.24aSacerdocioxHistoria.24aDiáconosxHistoria.